| 000 | 00956nam a2200277Ia 4500 | ||
|---|---|---|---|
| 003 | OSt | ||
| 005 | 20221005110352.0 | ||
| 006 | a|||||r|||| 00| 0 | ||
| 007 | ta | ||
| 008 | 221004b |||||||| |||| 00| 0 hin d | ||
| 020 |
_a9788189859879 (hbk) _cIndian Rupees 150 |
||
| 024 | _a39396 | ||
| 037 |
_bGift, 18/09/2018, _cTextual |
||
| 040 |
_aCRL _cCRL _bhin |
||
| 041 |
_2hin _ahin |
||
| 082 | _aO152,1NMAx, P8 | ||
| 100 | _aमंडलोई, लीलाधर, ले. | ||
| 245 | 0 | _aकवि ने कहा | |
| 246 | _aKavi ne kahā | ||
| 260 |
_aनई दिल्ली _bकिताबघर प्रकाशन भारत _c2008 |
||
| 300 |
_a126पृ0 _ccm. |
||
| 650 | _a हिन्दी साहित्य | ||
| 650 | _aहिन्दी कविता | ||
| 942 |
_hO152,1NMAx, P8 _cTEXL _2cc |
||
| 999 |
_c1018611 _d1018611 |
||